<?xml version="1.0" encoding="UTF-8"?>
<record
    xmlns:xsi="http://www.w3.org/2001/XMLSchema-instance"
    xsi:schemaLocation="http://www.loc.gov/MARC21/slim http://www.loc.gov/standards/marcxml/schema/MARC21slim.xsd"
    xmlns="http://www.loc.gov/MARC21/slim">

  <leader>00354nam a2200145Ia 4500</leader>
  <controlfield tag="008">191201s2010    xx            000 0 und d</controlfield>
  <datafield tag="082" ind1=" " ind2=" ">
    <subfield code="a">004</subfield>
    <subfield code="b">PUT</subfield>
  </datafield>
  <datafield tag="100" ind1=" " ind2=" ">
    <subfield code="a">Pundir, Sudhir K.</subfield>
  </datafield>
  <datafield tag="245" ind1=" " ind2="0">
    <subfield code="a">Theory of Computation</subfield>
  </datafield>
  <datafield tag="250" ind1=" " ind2=" ">
    <subfield code="a">6th</subfield>
  </datafield>
  <datafield tag="260" ind1=" " ind2=" ">
    <subfield code="a">N.Delhi</subfield>
    <subfield code="b">Pragati Prakashan Meerut</subfield>
    <subfield code="c">2010</subfield>
  </datafield>
  <datafield tag="300" ind1=" " ind2=" ">
    <subfield code="a">405</subfield>
  </datafield>
  <datafield tag="650" ind1=" " ind2=" ">
    <subfield code="a">B.Tech(CSE)</subfield>
  </datafield>
  <datafield tag="942" ind1=" " ind2=" ">
    <subfield code="2">ddc</subfield>
    <subfield code="c">BK</subfield>
    <subfield code="0">2</subfield>
  </datafield>
  <datafield tag="999" ind1=" " ind2=" ">
    <subfield code="c">4110</subfield>
    <subfield code="d">4110</subfield>
  </datafield>
  <datafield tag="952" ind1=" " ind2=" ">
    <subfield code="0">0</subfield>
    <subfield code="1">0</subfield>
    <subfield code="2">ddc</subfield>
    <subfield code="4">0</subfield>
    <subfield code="7">0</subfield>
    <subfield code="8">BTECHCSE</subfield>
    <subfield code="a">PIET</subfield>
    <subfield code="b">PIET</subfield>
    <subfield code="d">2009-09-04</subfield>
    <subfield code="e">J B C, New Delhi</subfield>
    <subfield code="g">225.00</subfield>
    <subfield code="k">SI-2637</subfield>
    <subfield code="l">6</subfield>
    <subfield code="o">004 PUT</subfield>
    <subfield code="p">13633</subfield>
    <subfield code="r">2025-12-08 00:00:00</subfield>
    <subfield code="s">2025-11-24</subfield>
    <subfield code="w">2009-09-02</subfield>
    <subfield code="y">BK</subfield>
  </datafield>
  <datafield tag="952" ind1=" " ind2=" ">
    <subfield code="0">0</subfield>
    <subfield code="1">0</subfield>
    <subfield code="2">ddc</subfield>
    <subfield code="4">0</subfield>
    <subfield code="7">0</subfield>
    <subfield code="8">BTECHCSE</subfield>
    <subfield code="a">PIET</subfield>
    <subfield code="b">PIET</subfield>
    <subfield code="d">2009-09-04</subfield>
    <subfield code="e">J B C, New Delhi</subfield>
    <subfield code="g">225.00</subfield>
    <subfield code="k">SI-2637</subfield>
    <subfield code="l">6</subfield>
    <subfield code="o">004 PUT</subfield>
    <subfield code="p">13634</subfield>
    <subfield code="r">2026-01-20 00:00:00</subfield>
    <subfield code="s">2025-09-10</subfield>
    <subfield code="w">2009-09-02</subfield>
    <subfield code="y">BK</subfield>
  </datafield>
  <datafield tag="952" ind1=" " ind2=" ">
    <subfield code="0">0</subfield>
    <subfield code="1">0</subfield>
    <subfield code="2">ddc</subfield>
    <subfield code="4">0</subfield>
    <subfield code="7">0</subfield>
    <subfield code="8">BTECHCSE</subfield>
    <subfield code="a">PIET</subfield>
    <subfield code="b">PIET</subfield>
    <subfield code="d">2009-09-04</subfield>
    <subfield code="e">J B C, New Delhi</subfield>
    <subfield code="g">225.00</subfield>
    <subfield code="k">SI-2637</subfield>
    <subfield code="l">1</subfield>
    <subfield code="o">004 PUT</subfield>
    <subfield code="p">13635</subfield>
    <subfield code="q">2023-04-27</subfield>
    <subfield code="r">2022-10-29 00:00:00</subfield>
    <subfield code="s">2022-10-29</subfield>
    <subfield code="w">2009-09-02</subfield>
    <subfield code="y">BK</subfield>
  </datafield>
  <datafield tag="952" ind1=" " ind2=" ">
    <subfield code="0">0</subfield>
    <subfield code="1">0</subfield>
    <subfield code="2">ddc</subfield>
    <subfield code="4">0</subfield>
    <subfield code="7">0</subfield>
    <subfield code="8">BTECHCSE</subfield>
    <subfield code="a">PIET</subfield>
    <subfield code="b">PIET</subfield>
    <subfield code="d">2009-09-04</subfield>
    <subfield code="e">J B C, New Delhi</subfield>
    <subfield code="g">225.00</subfield>
    <subfield code="k">SI-2637</subfield>
    <subfield code="l">0</subfield>
    <subfield code="o">004 PUT</subfield>
    <subfield code="p">13636</subfield>
    <subfield code="r">2019-12-04 00:00:00</subfield>
    <subfield code="w">2009-09-02</subfield>
    <subfield code="y">REF</subfield>
  </datafield>
  <datafield tag="952" ind1=" " ind2=" ">
    <subfield code="0">0</subfield>
    <subfield code="1">0</subfield>
    <subfield code="2">ddc</subfield>
    <subfield code="4">0</subfield>
    <subfield code="7">0</subfield>
    <subfield code="8">BTECHCSE</subfield>
    <subfield code="a">PIET</subfield>
    <subfield code="b">PIET</subfield>
    <subfield code="d">2009-09-04</subfield>
    <subfield code="e">J B C, New Delhi</subfield>
    <subfield code="g">225.00</subfield>
    <subfield code="k">SI-2637</subfield>
    <subfield code="l">2</subfield>
    <subfield code="o">004 PUT</subfield>
    <subfield code="p">13637</subfield>
    <subfield code="r">2024-01-05 00:00:00</subfield>
    <subfield code="s">2023-12-15</subfield>
    <subfield code="w">2009-09-02</subfield>
    <subfield code="y">BK</subfield>
  </datafield>
</record>
